| 000 | 00000nam##2200000za#4500 |
| 001 | 9.662943 |
| 003 | CaOODSP |
| 005 | 20220901140034 |
| 007 | ta |
| 008 | 150407|2001||||xxc||||| f|0| 0 eng|d |
| 040 | |aCaOODSP|beng |
| 041 | |aeng |
| 041 | |afre |
| 043 | |an-cn--- |
| 086 | 1 |aJ2-176/2001 |
| 110 | 1 |aCanada.|bJustice Canada. |
| 245 | 14|aThe harmonization of federal legislation with the Civil Law of the Province of Quebec and Canadian bijuralism |
| 250 | |a2nd publication. |
| 260 | |aOttawa - Ontario : |bJustice Canada |c2001. |
| 300 | |a9 booklets. ; |c28 cm. + |ea CD-ROM that contains PDF of the 9 documents. |
| 500 | |a"The first collection published by the Civil Code Section consisted solely of studies on the harmonization of federal legislation and other aspects of Canadian bijuralism written by law professors and other legal experts for the Civil Code Section...this second collection, which, contains articles primarily by both jurists of the Civil Code Section, ... and contributors from other sections within the Department... reflects the decompartmentalizing of our understanding of bijuralism and its extension beyond the sole task of representing the concepts and notions of the two legal systems in federal legislation and regulations."--Page vi and vii. Published on the occasion of the Conference of the Barreau du Québec in May 2001. Contents: Bijuralism and harmonization: genesis.--Some thoughts on bijuralism in Canada and the world.--The Supreme Court of Canada and its impact on the expression of bijuralism.--Bijuralism in Canada: harmonization methodology and terminology.--Portrait of a legal harmonization.--S-4: a first harmonization bill; Clause 8 of Bill S-4: amending the Interpretation Act.--The harmonization of federal tax legislation.--Harmonization of federal legislation with Quebec Civil Law: some examples from the Bankruptcy and Insolvency Act; The creation by the federal parliament of security mechanisms in the Bankruptcy and Insolvency Act.--Bill S-4: a first act to harmonize federal law with the Civil Law of the Province of Quebec and to amend certain acts in order to ensure that each language version takes into account the Common Law and Civil Law. |
| 520 | 3 |aThe first collection published by the Civil Code Section consisted solely of studies on the harmonization of federal legislation and other aspects of Canadian bijuralism written by law professors and other legal experts for the Civil Code Section...this second collection, which, contains articles primarily by both jurists of the Civil Code Section, ... and contributors from other sections within the Department... reflects the decompartmentalizing of our understanding of bijuralism and its extension beyond the sole task of representing the concepts and notions of the two legal systems in federal legislation and regulations.--Page vi and vii |
| 546 | |aBilingual |
| 563 | |aKit |
| 590 | |a01-23|b2001-06-08 |
| 690 | 07|aCivil law|2gcpds |
| 690 | 07|aConstitutional law|2gcpds |
| 690 | 07|aLegislation|2gcpds |
| 690 | 07|aJustice system|2gcpds |
| 776 | 0#|tL'harmonisation de la législation fédérale avec le droit civil de la province de Québec et le bijuridisme canadien |w(CaOODSP)9.642424 |
| 776 | 0#|tThe harmonization of federal legislation with the civil law of the Province of Quebec and Canadian bijuralism |w(CaOODSP)9.698416 |
| 792 | |tL'harmonisation de la législation fédérale avec le droit civil de laprovince de Québec et le bijuridisme canadien |efre|w(CaOODSP)9.662944 |